000 00763nam a22002657a 4500
003 UA-OsUOA
001 79239
007 ta
008 20111107b un ||||| |||| 00| 0 ukr d
100 _aЛисенко М.М.
700 _aДонець Й.І.
090 _a811.133-1
_bЛ63
942 _cBK
040 _aUA-OsUOA
_bukr
_cUA-OsUOA
_dUA-OsUOA
245 _aУкраїнсько-французький розмовник
300 _a224 с.
955 _a2
041 _aukr
080 _a811.133-1
020 _a5-330-00355-5
260 _aК.
_bРад. шк.
_c1988
250 _n6-те вид., доп.
650 7 _a8 Мовознавство. Художня література. Літературознавство
_2UDC
999 _c365553
_d365553